Normale Ansicht MARC-Ansicht ISBD

Goethes Faust (Titelsatznr. 80211)

[ MARC ]
MARC-Details
000 -Satzkennung
Kontrollfeld mit fester Länge 01272cam a2200361 4500
001 - Kontrollnummer
Kontrollfeld 1156819962
003 - Kontrollnummer Identifier
Kontrollfeld DE-627
005 - Datum und Zeit der letzten Transaktion
Kontrollfeld 20201130133812.0
007 - Feld mit fester Länge zur physischen Beschreibung - Allgemeine Information
Kontrollfeld mit fester Länge tu
008 - Feld mit fester Länge zur physischen Beschreibung - Allgemeine Angaben
Kontrollfeld mit fester Länge 000829s1920 xx ||||| 00| ||ger c
035 ## - Systemkontrollnummer
System-Kontrollnummer (DE-627)1156819962
035 ## - Systemkontrollnummer
System-Kontrollnummer (DE-576)086819968
035 ## - Systemkontrollnummer
System-Kontrollnummer (DE-599)BSZ086819968
035 ## - Systemkontrollnummer
System-Kontrollnummer (OCoLC)08802708
040 ## - Katalogisierungsquelle
Original-Katalogisierungsstelle DE-627
Katalogisierungssprache ger
Übertragungsstelle DE-627
Beschreibungsfestlegungen rakwb
Bearbeitungsstelle STAFF
041 ## - Sprachcode
Sprachcode des Textes/der Tonspur oder des separaten Titels ger
082 0# - Notation nach der Dewey Decimal Classification
Notation 832.62
084 ## - Andere Notation
Notation GK 4581
Quelle der Nummer rvk
IDN des Normdatensatzes oder Standardnummer (DE-625)rvk/41042:
245 10 - Titel
Titel Goethes Faust
Zusatz zum Titel der Tragödie erster Teil
Verfasserangabe etc. mit Zeichnungen von Peter Cornelius. Eingeleitet von Alfred Kuhn
250 ## - Ausgabebezeichnung
Ausgabebezeichnung Numer. Vorzugausg.
264 #1 - Produktion, Veröffentlichung, Distribution, Herstellung und Urheberrechtsvermerk
Herstellungs-, Veröffentlichungs- Vertriebs-, Erzeugungsort Berlin
Produzent, Herausgeber, Distributor, Hersteller Reimer
Datum der Herstellung, der Veröffentlichung, des Vertriebs oder des Urheberschutzvermerks 1920
300 ## - Physische Beschreibung
Umfang XV, 190 S.
Andere physische Details Ill.
336 ## - Inhaltstyp
Inhaltstypterm Text
Inhaltstypcode txt
Quelle rdacontent
337 ## - Medientyp
Bezeichnung des Medientyps ohne Hilfsmittel zu benutzen
Medientypcode n
Quelle rdamedia
338 ## - Datenträgertyp
Datenträgertypbezeichnung Band
Datenträgertypcode nc
Quelle rdacarrier
500 ## - Allgemeine Fußnote
Allgemeine Fußnote In Fraktur
951 ## - EQUIVALENCE OR CROSS-REFERENCE--GEOGRAPHIC NAME/AREA NAME [OBSOLETE] [CAN/MARC only]
Geografischer Name BO
700 1# - Nebeneintragung - Personenname
Personenname Goethe, Johann Wolfgang von
Datumsangaben in Verbindung mit einem Namen 1749-1832
IDN des Normdatensatzes oder Standardnummer (DE-588)118540238
-- (DE-627)133416720
-- (DE-576)161142842
Code für Beziehungskennzeichnung oth
700 1# - Nebeneintragung - Personenname
Personenname Cornelius, Peter von
Datumsangaben in Verbindung mit einem Namen 1783-1867
Funktionsbezeichnung Ill.
IDN des Normdatensatzes oder Standardnummer (DE-588)118676903
-- (DE-627)270052895
-- (DE-576)209273410
Code für Beziehungskennzeichnung ill
700 1# - Nebeneintragung - Personenname
Personenname Kuhn, Alfred
Datumsangaben in Verbindung mit einem Namen 1885-1940
Funktionsbezeichnung Vorr.
IDN des Normdatensatzes oder Standardnummer (DE-588)116601884
-- (DE-627)078089972
-- (DE-576)290677696
Code für Beziehungskennzeichnung aui
730 02 - Nebeneintragung - Einheitstitel
Einheitstitel Faust <dt.>
942 ## - Zusätzliche Felder (Koha)
Klassifikation oder Aufstellungssystematik Andere/Generische Klassifikation
Koha-Medientyp Bücher
Exemplare
Ausgeschieden Verloren Klassifikation oder Aufstellungssystematik Beschädigt Nicht entleihbar Heimatbibliothek Aufenthaltsbibliothek Aufstellungsort Erwerbungsdatum Anzahl Ausleihen Signatur Letzte Aktivität Exemplarnummer Preis gültig von Koha-Medientyp OPAC-Notiz
    Andere/Generische Klassifikation     Stadtarchiv Frankfurt (Oder) | Archivbibliothek Stadtarchiv Frankfurt (Oder) | Archivbibliothek Magazin 30/11/2020   IV: 1520 30/11/2020 77/2020 30/11/2020 Bücher Nachlass Kießling